Understanding and motivating the manufacturers' agent : (Record no. 10442)

MARC details
000 -LEADER
fixed length control field 00649nam a2200169 a 4500
020 ## - INTERNATIONAL STANDARD BOOK NUMBER
ISBN 0843607734 (hardcover)
020 ## - INTERNATIONAL STANDARD BOOK NUMBER
ISBN 9780843607734 (hardcover)
100 1# - MAIN ENTRY--AUTHOR NAME
Personal name Berry, Dick.
245 10 - TITLE STATEMENT
Title Understanding and motivating the manufacturers' agent :
260 ## - PUBLICATION, DISTRIBUTION, ETC. (IMPRINT)
Place of publication [S.l.] :
Name of publisher CBI Pub. Co,
Year of publication 1981.
300 ## - PHYSICAL DESCRIPTION
Number of Pages 138 p.
520 ## - SUMMARY, ETC.
Summary, etc Book by Berry, Dick.
856 40 - ELECTRONIC LOCATION AND ACCESS
Uniform Resource Identifier http://www.amazon.com/exec/obidos/ASIN/0843607734/chopaconline-20
Holdings
Withdrawn status Lost status Home library Current library Date acquired Full call number Accession Number Koha item type
    Central Library, QUEST, Nawabshah Reference Section 26/09/2014 BERShelf - 83E) 15238 Books